[Event "Titled Tue 24th Oct Early"]
[Site "chess.com INT"]
[Date "2023.10.24"]
[Round "6"]
[White "Weetik, V.."]
[Black "Zeltsan, Joseph"]
[Result "1-0"]
[WhiteElo "2423"]
[BlackElo "2421"]
[PlyCount "99"]
[EventDate "2023.10.24"]

1. e4 c5 2. d4 cxd4 3. c3 dxc3 4. Nxc3 Nc6 5. Nf3 e6 6. Bc4 a6 7. O-O Nge7 8. Be3 Ng6 9. Nd4 Be7 10. Nf5 exf5 11. Nd5 Bd6 12. exf5 Nge5 $146 ({RR} 12... Qh4 13. f4 Nge7 14. f6 Nxd5 15. fxg7 Rg8 16. Qxd5 Qf6 17. Rfe1 Be7 18. Bc5 Rxg7 19. f5 Kf8 20. Rxe7 Nxe7 21. Re1 d6 22. Bxd6 Kg8 23. Bxe7 Qc6 24. Qd8+ {1-0 (24) Weetik,V (2423)-Dyachuk,A (2236) chess.com INT 2023}) 13. Bb3 Qh4 14. h3 Rb8 15. f4 O-O 16. fxe5 Bxe5 17. f6 d6 18. Bf4 Be6 19. Bxe5 dxe5 20. fxg7 Kxg7 21. Nf6 Rbd8 22. Qe2 Kh8 23. Rac1 Bxb3 24. axb3 Qd4+ 25. Kh1 Rd6 26. Qh5 Qd3 27. Rcd1 Rxf6 28. Rxf6 Qc2 29. Rd7 Rg8 30. Qf3 Nd4 31. Rxd4 exd4 32. Rxf7 Qc1+ 33. Kh2 Qg5 34. Qe4 Rg7 35. Rf8+ Rg8 36. Qxd4+ Qg7 37. Rxg8+ Kxg8 38. Qxg7+ Kxg7 39. Kg3 Kf6 40. Kf4 Ke6 41. g4 Kd6 42. Kg5 Kc5 43. Kh6 Kb4 44. Kxh7 Kxb3 45. g5 Kxb2 46. g6 a5 47. g7 a4 48. g8=Q a3 49. Qg7+ Kb1 50. Qxb7+ 1-0

[Event "Titled Tue 17th Oct Early"]
[Site "chess.com INT"]
[Date "2023.10.17"]
[Round "5"]
[White "Weetik, V.."]
[Black "Dyachuk, Artem"]
[Result "1-0"]
[WhiteElo "2423"]
[BlackElo "2236"]
[PlyCount "47"]
[EventDate "2023.10.17"]

1. e4 c5 2. d4 cxd4 3. c3 dxc3 4. Nxc3 e6 5. Nf3 a6 6. Bc4 Nc6 7. O-O Nge7 8. Be3 Ng6 9. Nd4 Be7 10. Nf5 exf5 11. Nd5 Bd6 12. exf5 Qh4 $146 ({RR} 12... Nge5 13. Bb3 Qh4 14. h3 Rb8 15. f4 O-O 16. fxe5 Bxe5 17. f6 d6 18. Bf4 Be6 19. Bxe5 dxe5 20. fxg7 Kxg7 21. Nf6 Rbd8 22. Qe2 Kh8 23. Rac1 Bxb3 24. axb3 Qd4+ 25. Kh1 Rd6 26. Qh5 Qd3 27. Rcd1 {Weetik,V (2423)-Zeltsan,J (2421) chess.com INT 2023 1-0 (50)}) 13. f4 Nge7 14. f6 Nxd5 15. fxg7 Rg8 16. Qxd5 Qf6 17. Rfe1 Be7 18. Bc5 Rxg7 19. f5 Kf8 20. Rxe7 Nxe7 21. Re1 d6 22. Bxd6 Kg8 23. Bxe7 Qc6 24. Qd8+ 1-0

[Event "Titled Tuesday intern op 24th Nov"]
[Site "Chess.com INT"]
[Date "2020.11.24"]
[Round "7"]
[White "Weetik, Vjacheslav"]
[Black "Koc, Przemyslaw"]
[Result "1-0"]
[WhiteElo "2423"]
[BlackElo "2346"]
[PlyCount "47"]
[EventDate "2020.11.24"]
[EventType "swiss (blitz)"]
[EventRounds "11"]
[EventCountry "USA"]
[SourceTitle "CBM 199 Extra"]
[Source "ChessBase"]
[SourceDate "2021.01.31"]
[SourceVersion "1"]
[SourceVersionDate "2021.01.31"]
[SourceQuality "1"]

1. e4 c5 2. d4 cxd4 3. c3 dxc3 4. Nxc3 d6 5. Nf3 Nc6 6. Bc4 e6 7. O-O Be7 8. Qe2 Nf6 9. Rd1 Qa5 10. Nb5 ({RR} 10. Bd2 Qh5 11. Nb5 O-O 12. Bc3 Rd8 13. e5 dxe5 14. Rxd8+ Bxd8 15. Rd1 e4 16. Ne5 Qxe2 17. Bxe2 Be7 18. Nd6 Nxe5 19. Bxe5 Kf8 20. Bxf6 gxf6 21. Nxe4 a6 22. Bf3 Rb8 23. Nd6 Bxd6 24. Rxd6 Ke7 {Akhayan,R (2260)-Bruedigam,M (2384) chess.com INT 2024 0-1 (63)}) 10... O-O 11. Nxd6 Rd8 ({RR} 11... Ne5 12. Nxe5 Qxe5 13. f4 Qc5+ 14. Be3 Qa5 15. e5 Nd5 16. Kh1 Bxd6 17. exd6 Rd8 18. Bd2 Qb6 19. Bxd5 exd5 20. f5 Bxf5 21. Bf4 Be4 22. Rac1 h6 23. b3 Re8 24. Qg4 Re6 25. d7 Rd8 26. Rc8 {Ocampos,I (2216)-Li,Y (1922) chess.com INT 2025 ½-½ (37)}) 12. Bf4 e5 $146 ({RR} 12... Qh5 13. h3 a6 14. Rac1 Ne8 15. Nxc8 Raxc8 16. Rxd8 Rxd8 17. Bxa6 bxa6 18. Rxc6 a5 19. Qb5 h6 20. Bc7 Nxc7 21. Rxc7 Rd1+ {0-1 (21) Vallecillo,S (1802)-Guido,R (1858) Managua 2019}) 13. Nxf7 Rxd1+ 14. Rxd1 exf4 15. e5 Kf8 16. exf6 Bxf6 17. Nd6 Bg4 18. h3 Bd7 19. Nxb7 Qc7 20. Nc5 Bf5 21. Ne6+ Bxe6 22. Qxe6 Re8 23. Qg8+ Ke7 24. Qf7# 1-0

[Event "BEL-ch"]
[Site "Lommel"]
[Date "2012.07.06"]
[Round "7"]
[White "Ringoir, Tanguy"]
[Black "Hovhannisyan, Mher"]
[Result "1-0"]
[WhiteElo "2422"]
[BlackElo "2492"]
[PlyCount "121"]
[EventDate "2012.06.30"]
[EventType "tourn"]
[EventRounds "9"]
[EventCountry "BEL"]
[EventCategory "8"]
[SourceTitle "CBM 149 Extra"]
[Source "ChessBase"]
[SourceDate "2012.08.24"]
[SourceVersion "1"]
[SourceVersionDate "2012.08.24"]
[SourceQuality "1"]

1. e4 c5 2. Nc3 e6 3. f4 d5 4. Nf3 dxe4 5. Nxe4 Nf6 6. d3 Be7 7. Nf2 Nc6 8. g3 b6 9. Bg2 Bb7 10. O-O Rb8 11. b3 $146 ({RR} 11. c3 O-O 12. Qc2 Qc7 13. Re1 Rfd8 14. Qe2 Ba6 15. Ng5 Rxd3 16. Qc2 Rd7 17. Nfe4 {1-0 (17) Mencos,C (1921)-Figueroa,J (1770) Medellin 2009}) 11... Nd4 12. Bb2 Nxf3+ 13. Bxf3 O-O 14. Bxb7 Rxb7 15. Qf3 Rd7 16. f5 exf5 17. Qxf5 Rd5 18. Qf3 Qd7 19. Ne4 Ng4 20. Rae1 f5 21. Nc3 Rd6 22. h3 Nh6 23. Nd5 Rxd5 24. Rxe7 Qxe7 25. Qxd5+ Kh8 26. Qf3 Qg5 27. Re1 f4 28. Rf1 Kg8 29. Bc1 Qd8 30. Bxf4 g5 31. Bxg5 Rxf3 32. Bxd8 Rxg3+ 33. Kh2 Rg6 34. Bc7 Re6 35. Kg2 Kg7 36. Bb8 a6 37. Bg3 Kg6 38. Re1 Rc6 39. Bf4 Nf5 40. c3 b5 41. Re4 Kf6 42. Kf3 Rc8 43. Be5+ Ke6 44. Re2 c4 45. bxc4 bxc4 46. d4 Rg8 47. Bf4+ Kf6 48. Rb2 Ke6 49. Ke4 Ng3+ 50. Bxg3 Rxg3 51. d5+ Kd6 52. Kd4 Rxh3 53. Rb6+ Kc7 54. Rxa6 Kb7 55. Rf6 Rh2 56. Kxc4 Rxa2 57. Kb5 h5 58. c4 h4 59. Rf7+ Kb8 60. Rh7 Rh2 61. Kb6 1-0

[Event "Titled Tuesday intern op 06th Oct"]
[Site "Chess.com INT"]
[Date "2020.10.06"]
[Round "7"]
[White "Zubarev, Alexander2"]
[Black "Stalmach, Richard"]
[Result "1-0"]
[WhiteElo "2422"]
[BlackElo "2296"]
[PlyCount "87"]
[EventDate "2020.10.06"]
[EventType "swiss (blitz)"]
[EventRounds "10"]
[EventCountry "USA"]
[SourceTitle "CBM 198 Extra"]
[Source "ChessBase"]
[SourceDate "2020.11.30"]
[SourceVersion "1"]
[SourceVersionDate "2020.11.30"]
[SourceQuality "1"]

1. e4 c5 2. d4 cxd4 3. c3 dxc3 4. Nxc3 d6 5. Nf3 Nc6 6. Bc4 e6 7. O-O Nge7 8. Bg5 h6 ({RR} 8... a6 9. Qd2 Qc7 10. Rac1 Ng6 11. Nd5 exd5 12. exd5 Be7 13. dxc6 bxc6 14. Bd5 Bb7 15. Qc3 Bxg5 16. Nxg5 O-O 17. Bxc6 Bxc6 18. Qxc6 Qa5 19. Ne4 Qxa2 20. b4 Qe6 21. Nxd6 Ne5 22. Qb6 Rfb8 23. Qd4 {Langner,L (2380)-Karthikeyan,M (2606) Chess.com INT 2021 0-1 (35)}) ({RR} 8... a6 9. Rc1 h6 10. Be3 Ng6 11. Na4 Be7 12. Nb6 Rb8 13. Qe2 O-O 14. Bb3 Nge5 15. Nxe5 dxe5 16. Qh5 Bb4 17. Nc4 Qf6 18. Bb6 Kh7 19. Rcd1 g6 20. Qh3 Kg7 21. Ba4 Kh7 22. a3 Be7 23. Bxc6 {Borger,D (1816)-Moritani,S (1505) Sao Jose dos Campos 2022 1-0 (35)}) 9. Nb5 hxg5 $146 ({RR} 9... d5 10. exd5 hxg5 11. dxc6 Nxc6 12. Qxd8+ Kxd8 13. Rfd1+ Ke7 14. Nxg5 Ne5 15. Bb3 Rh5 16. Ne4 Nf3+ 17. gxf3 Rxb5 18. Rac1 Ra5 19. Nd6 Bd7 20. Rc7 Rg5+ 21. Kf1 Kd8 22. Nb5 Rd5 23. Rxd5 exd5 24. Rxb7 {Olm Milligan,K-Patterson,D Churchill 2000 1-0 (64)}) 10. Nxd6+ Qxd6 11. Qxd6 g4 12. Ne1 Ng6 13. Qg3 e5 14. Nd3 Bd6 15. Rad1 Nd4 16. Qe3 Bd7 17. Rfe1 f6 18. Rd2 Nh4 19. Red1 Nhf3+ 20. gxf3 Nxf3+ 21. Kf1 Rxh2 22. Ne1 Rh1+ 23. Ke2 Ng1+ 24. Kd3 Rc8 25. Kc3 Rh3 26. f3 Nxf3 27. Rxd6 Nd4 28. Qxh3 gxh3 29. Kd3 Ke7 30. Rxd4 exd4 31. Nc2 Bg4 32. Rg1 h2 33. Rh1 Rh8 34. Nxd4 g5 35. Ke3 Bd7 36. Bd5 g4 37. Kf4 Rh3 38. Nf5+ Bxf5 39. exf5 g3 40. Kg4 Rh8 41. Kxg3 Kd6 42. Be6 Ke5 43. Rxh2 Rd8 44. Re2+ 1-0

[Event "PriFO op active"]
[Site "Togliatti"]
[Date "2014.03.23"]
[Round "6"]
[White "Shukh, Nikolai"]
[Black "Ermolaev, Evgeny"]
[Result "1-0"]
[WhiteElo "2421"]
[BlackElo "2214"]
[PlyCount "59"]
[EventDate "2014.03.23"]
[EventType "swiss"]
[EventRounds "7"]
[EventCountry "RUS"]
[SourceTitle "EXT 2016"]
[Source "ChessBase"]
[SourceDate "2015.10.08"]
[SourceVersion "1"]
[SourceVersionDate "2015.10.08"]
[SourceQuality "1"]

1. e4 c5 2. d4 cxd4 3. c3 dxc3 4. Nxc3 e6 5. Nf3 a6 6. Bc4 Nc6 7. O-O Nge7 8. Bg5 f6 9. Be3 Ng6 10. Qe2 ({RR} 10. Re1 Be7 11. Nd4 Nge5 12. Bb3 Nxd4 13. Bxd4 Nc6 14. Be3 O-O 15. Qf3 Na5 16. Bc2 Nc4 17. Bf4 b5 18. Bb3 Bb7 19. Rad1 Rc8 20. Re2 f5 21. Qg3 fxe4 22. Nxe4 Qe8 23. Nd6 Nxd6 24. Bxd6 Bxd6 {Elier,A (2142)-Danzer,G (2172) chess.com INT 2025 1-0 (58)}) 10... Be7 ({RR} 10... b5 11. Bb3 Bd6 12. Rfd1 Qe7 13. Rac1 Bf4 14. Bxf4 Nxf4 15. Qe3 Ng6 16. Nd4 Nxd4 17. Qxd4 Ne5 18. Nd5 exd5 19. Bxd5 Nc6 20. Rxc6 dxc6 21. Bxc6+ Kf7 22. Bxa8 Be6 23. Bd5 Re8 24. h3 Bxd5 25. Qxd5+ {Miralles,G (2504)-Marcelin,C (2481) Besancon 2006 ½-½ (61)}) 11. Rfd1 Qa5 12. Rac1 $146 ({RR} 12. Nd5 exd5 13. exd5 Nce5 14. Nxe5 Nxe5 15. d6 Qb4 16. Rac1 Nxc4 17. Bc5 {1-0 (17) Roth,H (1880)-Vaas,A (1776) Mittelfranken 2019}) ({RR} 12. a3 b5 13. b4 Qc7 14. Bb3 Nxb4 15. Nxb5 axb5 16. axb4 Rxa1 17. Rxa1 Qc3 18. Rb1 Bb7 19. Qxb5 Bxe4 20. Bxe6 Bxb1 21. Qxd7+ Kf8 22. Bd2 Qc2 23. Be1 Nf4 24. b5 Nxe6 25. Qxe6 Ba2 26. Qa6 Kf7 {Morin,L (1863)-Gaulin,G (1968) Trois Rivieres 2001 0-1}) 12... O-O 13. Nd5 Bd8 14. Rc3 Nge5 15. Ra3 Nxc4 16. Qxc4 exd5 17. exd5 Qb4 18. Qc2 Ne7 19. Bc5 Qf4 20. Ra4 Qb8 21. d6 Nc6 22. Rd5 b6 23. Rh4 g6 24. Rh6 Kg7 25. Be3 Nb4 26. Rxh7+ Kxh7 27. Rh5+ Kg7 28. Bh6+ Kf7 29. Qc4+ Ke8 30. Bxf8 1-0

[Event "EU-chT (Men) 21st"]
[Site "Heraklion"]
[Date "2017.11.05"]
[Round "8.4"]
[White "Nikolovski, Nikola"]
[Black "Dardha, Arben"]
[Result "1-0"]
[WhiteElo "2420"]
[BlackElo "2279"]
[PlyCount "73"]
[EventDate "2017.10.28"]
[EventType "team-swiss"]
[EventRounds "9"]
[EventCountry "GRE"]
[SourceTitle "CBM 182"]
[Source "ChessBase"]
[SourceDate "2018.01.17"]
[SourceVersion "1"]
[SourceVersionDate "2018.01.17"]
[SourceQuality "1"]
[WhiteTeam "Macedonia"]
[BlackTeam "Belgium"]
[WhiteTeamCountry "MKD"]
[BlackTeamCountry "BEL"]

1. e4 c5 2. Nc3 e6 3. f4 d5 4. Nf3 dxe4 5. Nxe4 Be7 6. g3 ({RR} 6. d4 cxd4 7. Qxd4 Qxd4 8. Nxd4 a6 9. Be3 Nd7 10. g3 Ngf6 11. Bg2 Nxe4 12. Bxe4 Nc5 13. Bf3 Bd7 14. O-O-O Rc8 15. Rd2 Rc7 16. Rhd1 Na4 17. Ne2 Bb5 18. Bd4 f6 19. b3 Bb4 20. bxa4 Bxd2+ {Adams,M (2680)-Lautier,J (2660) Tilburg 1997 1-0}) ({RR} 6. d4 Nf6 7. Nxc5 Bxc5 8. dxc5 Qa5+ 9. Bd2 Qxc5 10. Bd3 O-O 11. Qe2 Nc6 12. O-O-O Nb4 13. a3 Nxd3+ 14. Qxd3 Qd5 15. Qxd5 exd5 16. Bc3 Ne4 17. Rxd5 Be6 18. Rd4 Nxc3 19. bxc3 Rac8 20. Kb2 h6 {Nikolovski,N (2409)-Saraci,N (2455) Struga 2021 ½-½ (50)}) 6... Nd7 ({RR} 6... Nf6 7. Qe2 O-O 8. Bg2 Nc6 9. c3 Bd7 10. d3 Rc8 11. O-O b6 12. Rd1 Qc7 13. Be3 Rfd8 14. Kh1 Be8 15. Bg1 h6 16. Rd2 Nxe4 17. dxe4 Rxd2 18. Nxd2 Rd8 19. Rd1 Qd7 20. Bf3 Na5 21. Nb1 {Taher,Y (2445)-Lazavik,D (2567) chess.com INT 2024 1-0 (103)}) 7. Bg2 Nh6 $146 ({RR} 7... Ngf6 8. d3 O-O 9. O-O Qc7 10. Qe2 b6 11. b3 Bb7 12. Bb2 Rad8 13. Nf2 Rfe8 14. Rad1 Bf8 15. Ne4 b5 16. Ne5 Nxe4 17. dxe4 c4 18. Nxd7 Rxd7 19. Rxd7 Qxd7 20. bxc4 bxc4 21. Qxc4 Rc8 22. Qd3 {Spencer,E (2174)-Donohue,T (1934) Scotland 2010 1-0 (51)}) 8. d3 Nf5 9. c3 O-O 10. O-O Nf6 11. Ne5 Qc7 12. Qe2 Rb8 13. Bd2 Nd5 14. c4 Nb4 15. Bc3 f6 16. a3 Na6 17. Nf3 Bd7 18. Rae1 Rbe8 19. Kh1 Nb8 20. b4 b6 21. d4 cxd4 22. Nxd4 Nxd4 23. Bxd4 Bc6 24. c5 Nd7 25. cxb6 Nxb6 26. Rc1 Kh8 27. Rxc6 Qxc6 28. Nxf6 Qc4 29. Qxc4 Nxc4 30. Nxe8 Rxe8 31. Bxa7 Nxa3 32. Bc6 Rd8 33. b5 Rd2 34. Rc1 Nc2 35. b6 Bc5 36. Be4 Ne3 37. b7 1-0

[Event "Titled Tuesday intern op 20th July"]
[Site "Chess.com INT"]
[Date "2021.07.20"]
[Round "1"]
[White "Lovkov, Roman"]
[Black "Chernov, Mikhail"]
[Result "1-0"]
[WhiteElo "2419"]
[BlackElo "2213"]
[PlyCount "54"]
[EventDate "2021.07.20"]
[EventType "swiss (blitz)"]
[EventRounds "11"]
[EventCountry "USA"]
[SourceTitle "CBM 203 Extra"]
[Source "ChessBase"]
[SourceDate "2021.09.30"]
[SourceVersion "1"]
[SourceVersionDate "2021.09.30"]
[SourceQuality "1"]

1. e4 c5 2. d4 cxd4 3. c3 dxc3 4. Nxc3 Nc6 5. Nf3 e6 6. Bc4 Qc7 7. Qe2 Nf6 8. e5 Ng4 9. Bf4 d5 ({RR} 9... a6 10. h3 Nh6 11. O-O Nf5 12. Rad1 b5 13. Bb3 Bb7 14. Ne4 h5 15. a3 h4 16. Rd3 Be7 17. Rfd1 Rd8 18. Bh2 Qb6 19. Qd2 Nxe5 20. Nxe5 Bxe4 21. Rxd7 O-O 22. Qf4 Ba8 23. Rxd8 Rxd8 24. Rxd8+ {Vasta,E (2367)-Todorovic,G (2461) Dos Hermanas 2004 0-1 (64)}) ({RR} 9... a6 10. h3 Nh6 11. Bxh6 gxh6 12. Ne4 Be7 13. Nf6+ Bxf6 14. exf6 Qa5+ 15. Kf1 b5 16. Bb3 Bb7 17. Rd1 Qc7 18. Ke1 Qf4 19. Qd2 Qxd2+ 20. Rxd2 d5 21. Kd1 Na5 22. Bc2 Nc4 23. Re2 Nxb2+ 24. Kc1 {Floresvillar Gonzalez,L (2075)-Winkels,M (1962) chess.com INT 2023 0-1 (34)}) 10. Bb3 Be7 $146 ({RR} 10... h5 11. O-O Be7 12. Rae1 Qd8 13. h3 g5 14. Bd2 Nh6 15. h4 g4 16. Ng5 Nf5 17. Bf4 Nxh4 18. Nb5 Bxg5 19. Bxg5 Qxg5 20. Nc7+ Kd8 {0-1 (20) Prelati,M (2140)-Timoscenko,G (2560) Arco 1998}) 11. h3 Nh6 12. g4 O-O 13. Bg3 b6 14. Rc1 Bb7 15. O-O a6 16. Qe3 d4 17. Nxd4 Nxd4 18. Qxd4 Qc6 19. Nd5 Bc5 20. Ne7+ Bxe7 21. Rxc6 Bxc6 22. Qxb6 Rac8 23. Rc1 Be4 24. Rxc8 Rxc8 25. Bf4 g5 26. Be3 Kg7 27. Qxa6 Ng8 1-0

[Event "Titled Tue 19th Sep Early"]
[Site "chess.com INT"]
[Date "2023.09.19"]
[Round "3"]
[White "Domingo Nunez, Ruben"]
[Black "Sroczynski, M.."]
[Result "1-0"]
[WhiteElo "2417"]
[BlackElo "2271"]
[PlyCount "47"]
[EventDate "2023.09.19"]

1. e4 c5 2. d4 cxd4 3. c3 dxc3 4. Nxc3 Nc6 5. Nf3 e6 6. Bc4 Nge7 7. Kd2 $146 ({RR} 7. Bg5 f6 8. Be3 Ng6 9. O-O Be7 10. Qe2 O-O 11. Rfd1 Qc7 12. Rac1 Kh8 13. Bb3 a6 14. Kh1 b5 15. Ne1 Bb7 16. Nd3 Rad8 17. f3 Bd6 18. Qf2 Qb8 19. Ne2 f5 20. exf5 Rxf5 21. Ng3 Rf7 {Stelzer,H-Kiefer,G (2220) Viernheim 1984 0-1 (31)}) ({RR} 7. Bg5 f6 8. Be3 Ng6 9. O-O Be7 10. Qe2 a6 11. Na4 Qc7 12. Nb6 Rb8 13. Rac1 O-O 14. Rfd1 f5 15. exf5 Rxf5 16. Qd3 Kh8 17. Nxd7 Bxd7 18. Qxd7 Qxd7 19. Rxd7 Nf8 20. Rd2 Bb4 21. Re2 Rd8 {Adams,M (2555)-Watson,W (2470) Eastbourne 1990 1-0 (32)}) ({RR} 7. Bg5 f6 8. Bf4 Ng6 9. Bg3 a6 10. O-O Be7 11. Qe2 b5 12. Bb3 Na5 13. Bc2 O-O 14. h4 Nc4 15. Bb3 Nge5 16. Nxe5 Nxe5 17. f4 Nc6 18. Rfd1 Bc5+ 19. Bf2 Qb6 20. Rac1 Na5 21. Bxc5 Qxc5+ {De Picciotto,M (2070)-Godoy,C (2199) Merlo 2009 0-1 (61)}) 7... a6 8. Ke2 b5 9. Bb3 Ng6 10. g3 Bb7 11. h4 Nge5 12. Ng1 Bc5 13. Kf1 Qb6 14. Nh3 O-O 15. Qe2 Nd4 16. Qh5 Nxb3 17. axb3 Nd3 18. Qe2 Nxc1 19. Rxc1 d5 20. e5 Rac8 21. Ng5 h6 22. Rh3 Bd4 23. Qd3 b4 24. Qh7# 1-0

[Event "Online Olym Div3 B"]
[Site "Chess.com INT"]
[Date "2020.08.07"]
[Round "2.1"]
[White "Greet, Andrew"]
[Black "Thilakarathne, GM Harshana"]
[Result "1-0"]
[WhiteElo "2417"]
[BlackElo "2398"]
[PlyCount "91"]
[EventDate "2020.08.07"]
[EventType "team-tourn (rapid)"]
[EventRounds "9"]
[EventCountry "USA"]
[SourceTitle "CBM 198"]
[Source "ChessBase"]
[SourceDate "2020.08.31"]
[SourceVersion "1"]
[SourceVersionDate "2020.08.31"]
[SourceQuality "1"]
[WhiteTeam "Scotland"]
[BlackTeam "Sri Lanka"]
[WhiteTeamCountry "SCO"]
[BlackTeamCountry "SRI"]

1. e4 c5 2. d4 cxd4 3. c3 dxc3 4. Nxc3 Nc6 5. Nf3 d6 6. Bc4 a6 7. O-O Nf6 8. Bf4 Bg4 9. h3 Bxf3 10. Qxf3 e6 11. Rfd1 Qb8 12. Be2 Be7 13. Qg3 Ne5 14. Bxe5 dxe5 15. Qxg7 Rg8 16. Qh6 Rg6 17. Qd2 $146 ({RR} 17. Qe3 Qa7 18. Qxa7 Rxa7 19. Bf3 Ra8 20. Rac1 Rd8 21. Na4 b5 22. Rxd8+ Bxd8 23. Nc5 a5 24. Nb7 Bb6 25. Nd6+ Kd7 26. Nxb5 Rg8 27. Rd1+ Kc6 28. Nd6 Rd8 29. Nxf7 Rxd1+ 30. Bxd1 Bd4 31. b3 Kd7 {Khamenya,V (1908)-Haenselmann,H (1732) Wuerzburg 2019 1-0 (59)}) 17... b5 18. Bf3 Kf8 19. a4 b4 20. Ne2 Kg8 21. Rac1 Kh8 22. Rc6 Rg8 23. Rdc1 Ra7 24. Ng3 a5 25. Qh6 Qf8 26. Qe3 Rd7 27. Qb6 Qd8 28. Qb5 Rd2 29. Qxe5 Qd4 30. Qxd4 Rxd4 31. Rc7 Re8 32. e5 Ng8 33. Nh5 Red8 34. Ra7 Rd2 35. Rcc7 Re8 36. Bc6 Red8 37. Rxe7 Nxe7 38. Rxe7 Kg8 39. Nf6+ Kf8 40. Rb7 Rc2 41. Bf3 Rxb2 42. Bh5 Kg7 43. Rxf7+ Kh6 44. h4 Rh8 45. g4 Rb1+ 46. Kg2 1-0

[Event "Titled Tue 29th Oct Late"]
[Site "chess.com INT"]
[Date "2024.10.29"]
[Round "3"]
[White "Javakhadze, Z.."]
[Black "D'Arruda, R.."]
[Result "1-0"]
[WhiteElo "2417"]
[BlackElo "2271"]
[PlyCount "137"]
[EventDate "2024.10.29"]

1. e4 c5 2. d4 cxd4 3. c3 dxc3 4. Nxc3 e6 5. Nf3 Bb4 6. Bc4 Ne7 7. O-O Bxc3 8. bxc3 d5 9. exd5 exd5 10. Bb3 ({RR} 10. Bd3 O-O 11. Re1 Nbc6 12. Bg5 f6 13. Bh4 Bf5 14. Rb1 b6 15. Bg3 Qd7 16. Nh4 Bxd3 17. Qxd3 Rad8 18. Re3 d4 19. cxd4 Qxd4 20. Qb3+ Qd5 21. Rbe1 Qxb3 22. axb3 Rd7 23. Nf3 Rfd8 24. Re6 Kf7 {Tavernier,L (2063)-D'Arruda,R (2271) chess.com INT 2025 1-0 (42)}) 10... Nbc6 $146 ({RR} 10... Be6 11. Re1 h6 12. Nd4 Qc8 13. Nxe6 fxe6 14. Qg4 Qxc3 15. Qxe6 Nbc6 16. Ba3 Qf6 17. Qxd5 Rd8 18. Qh5+ g6 19. Qe2 Rh7 20. Bb2 Nd4 21. Qc4 Rg7 22. Rad1 {1-0 (22) Bolduan,M (1797)-Maibaum,H (1496) Wiesbaden GER 2023}) ({RR} 10... Be6 11. Re1 h6 12. Nd4 Qc8 13. Nxe6 fxe6 14. Qg4 Qxc3 15. Qxe6 Nbc6 16. Ba3 Qf6 17. Qxd5 Rd8 18. Qh5+ g6 19. Qe2 Rh7 20. Bb2 Nd4 21. Qc4 Rg7 22. Rad1 {1-0 (22) Bolduan,M (1797)-Maibaum,H (1496) Wiesbaden GER 2023}) 11. Ba3 Qa5 12. Bxe7 Nxe7 13. Re1 Be6 14. Ng5 O-O 15. Qh5 h6 16. Nxe6 fxe6 17. Rxe6 Qc5 18. Qe2 Qxc3 19. Re1 Nc6 20. Bxd5 Kh8 21. Qh5 Qd2 22. R6e2 Qd4 23. Bb3 Qf6 24. Bd5 Nd4 25. Rd2 Rad8 26. Red1 Nc6 27. h3 b6 28. Qg4 Ne7 29. Bf3 Rxd2 30. Rxd2 Ng6 31. Qe4 Ne5 32. Bd1 b5 33. Bc2 g6 34. Re2 Nc4 35. Qxg6 Qxg6 36. Bxg6 Rf6 37. Bd3 Ra6 38. Re8+ Kg7 39. Re2 Nd6 40. Rb2 Rb6 41. f3 a5 42. Kf2 b4 43. Ke3 a4 44. Kd4 Rb8 45. Kc5 b3 46. Kxd6 a3 47. Rf2 b2 48. Bb1 Rd8+ 49. Kc5 Rd1 50. Be4 Re1 51. Bd3 Rd1 52. Bf5 b1=Q 53. Bxb1 Rxb1 54. Rc2 Rb2 55. Rc3 Rxa2 56. g4 Ra1 57. Rb3 a2 58. Rb7+ Kg6 59. Rb6+ Kg5 60. h4+ Kxh4 61. Rxh6+ Kg3 62. Ra6 Rc1+ 63. Kd4 a1=Q+ 64. Rxa1 Rxa1 65. Ke4 Ra4+ 66. Kf5 Ra5+ 67. Kf6 Kf4 68. Kg6 Ra6+ 69. Kh5 1-0

[Event "IRI-chT 14th"]
[Site "Teheran"]
[Date "2015.09.17"]
[Round "6.6"]
[White "Mosadeghpour, Masoud"]
[Black "Dalir, Alireza"]
[Result "1-0"]
[WhiteElo "2416"]
[BlackElo "2297"]
[PlyCount "69"]
[EventDate "2015.07.17"]
[EventType "team-tourn"]
[EventRounds "13"]
[EventCountry "IRI"]
[SourceTitle "EXT 2016"]
[Source "ChessBase"]
[SourceDate "2015.10.08"]
[SourceVersion "1"]
[SourceVersionDate "2015.10.08"]
[SourceQuality "1"]
[WhiteTeam "Lorestan Rah & Shahrsazi"]
[BlackTeam "Pardis Park Fanavari"]
[WhiteTeamCountry "IRI"]
[BlackTeamCountry "IRI"]

1. e4 c5 2. d4 cxd4 3. c3 dxc3 4. Nxc3 d6 5. Bc4 Nc6 6. Nf3 a6 7. O-O Nf6 8. Be3 e6 ({RR} 8... Bg4 9. Qb3 Bh5 10. Qxb7 Na5 11. Qb4 Nxc4 12. Qxc4 Bxf3 13. gxf3 e6 14. e5 dxe5 15. Rfd1 Qc8 16. Qa4+ Nd7 17. Rac1 Qb7 18. Ne4 Be7 19. Bc5 Qb5 20. Qxb5 axb5 21. Bxe7 Kxe7 22. Rc7 Rhd8 23. Nc5 {Mosadeghpour,M (2472)-Erdogdu,M (2413) chess.com INT 2023 1-0 (47)}) 9. Qe2 ({RR} 9. Rc1 Bd7 10. Qe2 Be7 11. Rfd1 O-O 12. Bb3 b5 13. Bf4 e5 14. Bg5 Rc8 15. Bxf6 Bxf6 16. Rxd6 Nd4 17. Nxd4 exd4 18. e5 Qc7 19. Rd1 Rce8 20. R6xd4 Bc6 21. f4 Qa7 22. Kh1 g5 23. Qh5 Bg7 {Lopez,R (1837)-Bravo Mallco,K (2030) Medellin COL 2024 ½-½ (37)}) 9... Be7 10. Rfd1 Bd7 11. Bb3 $146 ({RR} 11. Bf4 e5 12. Bg5 Bg4 13. Qd3 Bxf3 14. Qxf3 Nd4 15. Qh3 O-O 16. a3 Kh8 17. Ba2 Ng8 18. Bd2 Bg5 19. Be3 Nc2 20. Bc5 Nxa1 21. Bxd6 Nc2 22. Bb1 Nd4 23. Bxe5 Ne2+ 24. Kf1 Nxc3 25. Rxd8 Rfxd8 {Sanchez Maya,S (2194)-Shyam,N (2393) Kemer 2009 0-1 (53)}) ({RR} 11. Bf4 e5 12. Be3 O-O 13. Rac1 Rc8 14. a3 b5 15. Ba2 Na5 16. Bg5 Bg4 17. h3 Bxf3 18. Qxf3 Nc6 19. Be3 Na5 20. Bg5 Nc6 21. Be3 Na5 22. Qe2 Nc4 23. Bg5 Nxe4 24. Nxe4 Bxg5 25. Rxc4 bxc4 {Mosadeghpour,M (2520)-Konguvel,P (2282) Mumbai 2019 1-0 (41)}) 11... b5 12. Bf4 Qb8 13. e5 Nh5 14. Bg5 dxe5 15. Bxe7 Kxe7 16. Qe3 Qa7 17. Nxe5 Qxe3 18. Rxd7+ Ke8 19. fxe3 Nxe5 20. Rb7 Nf6 21. a4 Ned7 22. axb5 Nc5 23. Rc7 Nxb3 24. Ra3 Nd2 25. bxa6 Nd7 26. Nb5 Ne4 27. Rc4 Ke7 28. Rxe4 Nc5 29. Rc4 Nxa6 30. Rca4 Rab8 31. Na7 Nc5 32. Rc4 Kd6 33. b4 Rb7 34. bxc5+ Kd5 35. Rd4+ 1-0

[Event "Capablanca Memorial Masters I"]
[Site "Havana"]
[Date "1998.??.??"]
[Round "2"]
[White "Cabrera Pino, Alexis"]
[Black "Teran Alvarez, Ismael"]
[Result "1-0"]
[WhiteElo "2415"]
[BlackElo "2375"]
[PlyCount "51"]
[EventDate "1998.05.??"]
[EventType "tourn"]
[EventRounds "13"]
[EventCountry "CUB"]
[EventCategory "5"]
[SourceTitle "EXT 1999"]
[Source "ChessBase"]
[SourceDate "1998.11.16"]
[SourceVersion "1"]
[SourceVersionDate "1998.11.16"]
[SourceQuality "1"]

1. e4 c5 2. Nc3 e6 3. f4 d5 4. Nf3 dxe4 5. Nxe4 Nc6 6. g3 Nh6 7. Bg2 Be7 8. O-O O-O 9. d3 Qd7 $146 ({RR} 9... Nf5 10. c3 Rb8 11. h3 b6 12. g4 Nd6 13. Nf2 Qc7 14. h4 Rd8 15. h5 b5 16. Qc2 a5 17. Be3 c4 18. d4 b4 19. Ng5 Bxg5 20. fxg5 Ne7 21. Bf4 Nd5 22. Bxd5 exd5 23. h6 Rb6 24. Rae1 {Padurariu,I (2199)-Anusca,M (1996) Eforie Nord 2009 1-0 (41)}) ({RR} 9... Rb8 10. c3 b6 11. h3 Nf5 12. g4 Nd6 13. Ng3 Ba6 14. Qe2 Qd7 15. Be3 Rbd8 16. Ne1 Bh4 17. Bf2 Nc8 18. Rd1 N8e7 19. Be4 f5 20. Bf3 Qd6 21. Kg2 Nd5 22. Bxd5 Qxd5+ 23. Kh2 Qd6 24. Nh5 {Martos Exposito,M (2200)-Canabate Carmona,F (2105) Rincon de la Victoria 1995 0-1 (35)}) 10. c3 Rd8 11. Ne5 Nxe5 12. fxe5 Qxd3 13. Bxh6 Qxd1 14. Raxd1 Rxd1 15. Rxd1 gxh6 16. Bf3 Rb8 17. Bh5 b6 18. Rf1 Rb7 19. Bxf7+ Kg7 20. Be8 Bf8 21. Rf4 Re7 22. Nd6 Kg8 23. Bf7+ Rxf7 24. Nxf7 Bg7 25. Nd6 Bd7 26. Rf7 1-0